000
00301nam a22001337a 4500
008
260223b ||||| |||| 00| 0 eng d
020
_a
9951050839
041
_a
eng
080
_a
316.722
100
_a
20.1
101
_a
roman
245
_a
Të Edukohet Qytetari
_c
Patrice Canivez
942
_2
lcc
_c
BK
999
_c
60839
_d
60839